यांत्रिक आरेखन एवं संगणक चित्रण / (Record no. 68081)

MARC details
000 -LEADER
fixed length control field 00910 aa a2200217 4500
005 - DATE AND TIME OF LATEST TRANSACTION
control field 20120620133941.0
010 ## - LCCN (DPL NO)
LC control number
020 ## - INTERNATIONAL STANDARD BOOK NUMBER
Terms of availability 70.00
International Standard Book Number
035 ## - SYSTEM CONTROL NUMBER
System control number A-975046
037 ## - SOURCE OF ACQUISITION
Source of stock number/acquisition pub
082 ## - DEWEY DECIMAL CLASSIFICATION NUMBER
Classification number 604.2
100 ## - MAIN ENTRY--PERSONAL NAME
Personal name पारीक, हेमंत कुमार
245 ## - TITLE STATEMENT
Title यांत्रिक आरेखन एवं संगणक चित्रण /
Statement of responsibility, etc हेमंत कुमार पारीक
246 ## - VARYING FORM OF TITLE
Title proper/short title
Remainder of title
260 ## - PUBLICATION, DISTRIBUTION, ETC. (IMPRINT)
Place of publication, distribution, etc भोपाल
Name of publisher, distributor, etc मध्यप्रदेश हिन्दी ग्रन्थ अकादमी
Date of publication, distribution, etc 1997
270 ## - ADDRESS
Address
City
Postal code
300 ## - PHYSICAL DESCRIPTION
Extent 238पृ
Dimensions 22 सेमी (सजिल्द)
490 ## - SERIES STATEMENT
Series statement
-- 49347
942 ## - ADDED ENTRY ELEMENTS (KOHA)
Institution code [OBSOLETE] dpl
Item type Hindi Books
Call number prefix
Source of classification or shelving scheme Dewey Decimal Classification
Classification part 604.2
Call number suffix पारीक
Holdings
Withdrawn status Lost status Not for loan Collection code Home library Current library Date acquired Cost, normal purchase price Full call number Barcode Cost, replacement price Koha item type
      Non-fiction Sarojini Nagar Sarojini Nagar 20/06/2012 70.00 604.2 पारीक A-975046 70.00 Hindi Books

© Delhi Public Library
Hit Counter
free hit counter